<?xml version="1.0" encoding="UTF-8"?>
<record
    xmlns:xsi="http://www.w3.org/2001/XMLSchema-instance"
    xsi:schemaLocation="http://www.loc.gov/MARC21/slim http://www.loc.gov/standards/marcxml/schema/MARC21slim.xsd"
    xmlns="http://www.loc.gov/MARC21/slim">

  <leader>01618nam a2200217Ia 4500</leader>
  <controlfield tag="001">b5976-41321 </controlfield>
  <controlfield tag="003">IT-MiCISF</controlfield>
  <controlfield tag="008">161014s9999||||xx |||||||||||||| ||und||</controlfield>
  <datafield tag="040" ind1=" " ind2=" ">
    <subfield code="a">IT-MiCISF</subfield>
    <subfield code="c">IT-MiCISF</subfield>
  </datafield>
  <datafield tag="041" ind1=" " ind2=" ">
    <subfield code="a">it</subfield>
  </datafield>
  <datafield tag="100" ind1=" " ind2=" ">
    <subfield code="a">Di Nicola Giulia Paola</subfield>
  </datafield>
  <datafield tag="245" ind1=" " ind2="0">
    <subfield code="a">Con o senza Dio?</subfield>
    <subfield code="b">Per una spiritualit&#xE0; della relazione coniugale</subfield>
  </datafield>
  <datafield tag="250" ind1=" " ind2=" ">
    <subfield code="a">1a ed.</subfield>
  </datafield>
  <datafield tag="260" ind1=" " ind2=" ">
    <subfield code="a"> Cantalupa (TO)</subfield>
    <subfield code="b">Effat&#xE0; Editrice</subfield>
    <subfield code="c">2005</subfield>
  </datafield>
  <datafield tag="300" ind1=" " ind2=" ">
    <subfield code="a">pp. 158</subfield>
  </datafield>
  <datafield tag="500" ind1=" " ind2=" ">
    <subfield code="a"> / relazione-di-coppia, spiritualit&#xE0;, fede, matrimonio-sacramento, amore, maternit&#xE0;, procreazione, lavoro / Perch&#xE9; mai un libro di spiritualit&#xE0; a partire da coppie non credenti? Il confronto interreligioso finir&#xE0; con l'omologare tutti in un neosincretismo che spegne la forza della fede? In che modo si possono tenere insieme domanda di spiritualit&#xE0; ed esigenza di laicit&#xE0;? Il volume intende raccogliere il lato positivo di questa inquietudine spirituale, come un travaglio informe che annuncia comunque una nuova vita. Una cosa &#xE8; certa: non si parla pi&#xF9; di "morte di Dio" e di "eclissi del sacro", ma di "eclissi della secolarizzazione" e "rivincita di Dio". Vi sono valori indispensabili perch&#xE9; un essere umano possa vivere degnamente e felicemente, che tutti, credenti e non credenti, possono raggiungere volgendo lo sguardo verso l'alto. Pur trattando un tema universale, gli Autori hanno voluto declinarlo con particolare riferimento alle coppie. Cosa c'&#xE8;, infatti, di pi&#xF9; laico e di pi&#xF9; divino della vita d'amore?</subfield>
  </datafield>
  <datafield tag="650" ind1=" " ind2=" ">
    <subfield code="a"> Temi di pastorale / coppia</subfield>
    <subfield code="e">012</subfield>
  </datafield>
  <datafield tag="700" ind1=" " ind2=" ">
    <subfield code="a">Danese Attilio</subfield>
  </datafield>
  <datafield tag="942" ind1=" " ind2=" ">
    <subfield code="c">BK</subfield>
  </datafield>
  <datafield tag="957" ind1=" " ind2=" ">
    <subfield code="7">1</subfield>
  </datafield>
  <datafield tag="999" ind1=" " ind2=" ">
    <subfield code="a">41321</subfield>
    <subfield code="b">si</subfield>
    <subfield code="g">1</subfield>
    <subfield code="c">211112</subfield>
    <subfield code="d">211112</subfield>
  </datafield>
  <datafield tag="952" ind1=" " ind2=" ">
    <subfield code="0">0</subfield>
    <subfield code="1">0</subfield>
    <subfield code="4">0</subfield>
    <subfield code="6">B_597641321</subfield>
    <subfield code="7">1</subfield>
    <subfield code="a">CISF</subfield>
    <subfield code="b">CISF</subfield>
    <subfield code="d">2016-10-14</subfield>
    <subfield code="l">0</subfield>
    <subfield code="o">b5976-41321 </subfield>
    <subfield code="r">2016-10-14 00:00:00</subfield>
    <subfield code="w">2016-10-14</subfield>
    <subfield code="y">BK</subfield>
    <subfield code="z">Data import 15.10.2016 / by Epidotti, Vaglietti</subfield>
  </datafield>
</record>
